Dwuliterowy kod ISO wszystkich państw świata i terytoriów zależnych - Statystyki

Ogólne statystyki
  • Ten quiz został rozwiązany 34 razy
  • Średni wynik to 102 z 249
Statystyki odpowiedzi
Państwo Kod % Poprawnych
Afganistan AF
100%
Albania AL
95%
Andora AD
76%
Argentyna AR
76%
Austria AT
76%
Australia AU
76%
Azerbejdżan AZ
76%
Brazylia BR
76%
Armenia AM
71%
Belgia BE
71%
Bahrajn BH
71%
Arabia Saudyjska SA
71%
Angola AO
67%
Boliwia BO
67%
Chile CL
67%
Chiny CN
67%
Czechy CZ
67%
Anguilla AI
62%
Barbados BB
62%
Burkina Faso BF
62%
Bułgaria BG
62%
Brunei BN
62%
Białoruś BY
62%
Belize BZ
62%
Cypr CY
62%
Dania DK
62%
Antigua i Barbuda AG
57%
Bangladesz BD
57%
Burundi BI
57%
Bahamy BS
57%
Bhutan BT
57%
Botswana BW
57%
Chorwacja HR
57%
Egipt EG
52%
Wielka Brytania GB
52%
Węgry HU
52%
Włochy IT
52%
Peru PE
52%
Polska PL
52%
San Marino SM
52%
Bośnia i Hercegowina BA
48%
Bermudy BM
48%
Kanada CA
48%
Szwajcaria CH
48%
Kolumbia CO
48%
Dominikana DO
48%
Erytrea ER
48%
Hiszpania ES
48%
Etiopia ET
48%
Finlandia FI
48%
Francja FR
48%
Japonia JP
48%
Liban LB
48%
Liechtenstein LI
48%
Liberia LR
48%
Lesotho LS
48%
Litwa LT
48%
Luksemburg LU
48%
Norwegia NO
48%
Nowa Zelandia NZ
48%
Oman OM
48%
Panama PA
48%
Portugalia PT
48%
Rumunia RO
48%
Rosja RU
48%
Szwecja SE
48%
Trynidad i Tobago TT
48%
Ukraina UA
48%
Stany Zjednoczone US
48%
Niemcy DE
43%
Dominika DM
43%
Gabon GA
43%
Grenada GD
43%
Ghana GH
43%
Gambia GM
43%
Grecja GR
43%
Hongkong HK
43%
Haiti HT
43%
Izrael IL
43%
Indie IN
43%
Irak IQ
43%
Iran IR
43%
Islandia IS
43%
Jamajka JM
43%
Jordania JO
43%
Kenia KE
43%
Kirgistan KG
43%
Kiribati KI
43%
Kazachstan KZ
43%
Laos LA
43%
Maroko MA
43%
Mołdawia MD
43%
Madagaskar MG
43%
Mongolia MN
43%
Meksyk MX
43%
Mozambik MZ
43%
Namibia NA
43%
Niger NE
43%
Nigeria NG
43%
Nikaragua NI
43%
Holandia NL
43%
Nepal NP
43%
Nauru NR
43%
Papua-Nowa Gwinea PG
43%
Pakistan PK
43%
Portoryko PR
43%
Palestyna PS
43%
Paragwaj PY
43%
Katar QA
43%
Rwanda RW
43%
Sudan SD
43%
Singapur SG
43%
Słowenia SI
43%
Słowacja SK
43%
Sierra Leone SL
43%
Senegal SN
43%
Somalia SO
43%
Surinam SR
43%
Sudan Południowy SS
43%
Syria SY
43%
Togo TG
43%
Turkmenistan TM
43%
Tunezja TN
43%
Tonga TO
43%
Turcja TR
43%
Tuvalu TV
43%
Tajwan TW
43%
Tanzania TZ
43%
Uganda UG
43%
Uzbekistan UZ
43%
Watykan VA
43%
Wietnam VN
43%
Vanuatu VU
43%
Zambia ZM
43%
Aruba AW
38%
Kostaryka CR
38%
Kuba CU
38%
Dżibuti DJ
38%
Ekwador EC
38%
Estonia EE
38%
Fidżi FJ
38%
Falklandy FK
38%
Gibraltar GI
38%
Gwatemala GT
38%
Guam GU
38%
Gwinea Bissau GW
38%
Gujana GY
38%
Honduras HN
38%
Indonezja ID
38%
Irlandia IE
38%
Jersey JE
38%
Korea Południowa KR
38%
Kuwejt KW
38%
Łotwa LV
38%
Libia LY
38%
Monako MC
38%
Czarnogóra ME
38%
Mali ML
38%
Mjanma MM
38%
Mauretania MR
38%
Malta MT
38%
Mauritius MU
38%
Malawi MW
38%
Malezja MY
38%
Norfolk NF
38%
Niue NU
38%
Polinezja Francuska PF
38%
Pitcairn PN
38%
Reunion RE
38%
Serbia RS
38%
Salwador SV
38%
Eswatini SZ
38%
Turks i Caicos TC
38%
Tokelau TK
38%
Urugwaj UY
38%
Wenezuela VE
38%
Wallis i Futuna WF
38%
Zimbabwe ZW
38%
Samoa Amerykańskie AS
33%
Benin BJ
33%
Kongo CG
33%
Wybrzeże Kości Słoniowej CI
33%
Kamerun CM
33%
Gruzja GE
33%
Gujana Francuska GF
33%
Grenlandia GL
33%
Gwinea GN
33%
Gwadelupa GP
33%
Wyspy Marshalla MH
33%
Montserrat MS
33%
Nowa Kaledonia NC
33%
Filipiny PH
33%
Tajlandia TH
33%
Tadżykistan TJ
33%
Jemen YE
33%
Południowa Afryka ZA
33%
Zjednoczone Emiraty Arabskie AE
29%
Antarktyka AQ
29%
Gwinea Równikowa GQ
29%
Georgia Południowa i Sandwich Południowy GS
29%
Komory KM
29%
Saint Kitts i Nevis KN
29%
Saint Lucia LC
29%
Malediwy MV
29%
Saint-Pierre i Miquelon PM
29%
Svalbard i Jan Mayen SJ
29%
Saint Vincent i Grenadyny VC
29%
Wyspa Bouveta BV
24%
Demokratyczna Republika Konga CD
24%
Republika Środkowoafrykańska CF
24%
Wyspy Cooka CK
24%
Republika Zielonego Przylądka CV
24%
Algieria DZ
24%
Wyspa Man IM
24%
Brytyjskie Terytorium Oceanu Indyjskiego IO
24%
Kajmany KY
24%
Sri Lanka LK
24%
Macedonia MK
24%
Palau PW
24%
Wyspa Świętej Heleny, Wyspa Wniebowstąpienia i Tristan da Cunha SH
24%
Wyspy Świętego Tomasza i Książęca ST
24%
Wyspy Dziewicze Stanów Zjednoczonych VI
24%
Saint-Barthélemy BL
19%
Bonaire, Sint Eustatius i Saba BQ
19%
Wyspy Kokosowe CC
19%
Curaçao CW
19%
Sahara Zachodnia EH
19%
Wyspy Owcze FO
19%
Guernsey GG
19%
Wyspy Heard i McDonalda HM
19%
Kambodża KH
19%
Korea Północna KP
19%
Makau MO
19%
Mariany Północne MP
19%
Martynika MQ
19%
Seszele SC
19%
Sint Maarten SX
19%
Timor Wschodni TL
19%
Dalekie Wyspy Mniejsze Stanów Zjednoczonych UM
19%
Brytyjskie Wyspy Dziewicze VG
19%
Wyspy Alandzkie AX
14%
Wyspa Bożego Narodzenia CX
14%
Saint-Martin MF
14%
Wyspy Salomona SB
14%
Mikronezja FM
10%
Czad TD
10%
Francuskie Terytoria Południowe i Antarktyczne TF
10%
Samoa WS
10%
Majotta YT
10%
Nie znaleziono quizów pasujących do podanych kryteriów
Rozkład punktacji
Procent ludzi z każdym wynikiem
Percentyl według liczby udzielonych odpowiedzi
Twoja historia wyników
Nie rozwiązałeś tego quizu